Statystyki dla Państwa w języku estońskim

Kliknij tutaj aby rozwiązać quiz!

Ogólne statystyki

  • Ten quiz został rozwiązany 249 razy
  • Średni wynik to 8 z 16

Statystyki odpowiedzi

EstońskiPolski% Poprawnych
PoolaPolska
95%
HiinaChiny
90%
Lõuna-AafrikaRepublika
Poludniowej Afryki
87%
EestiEstonia
86%
TürgiTurcja
84%
NorraNorwegia
80%
MehhikoMeksyk
66%
KreekaGrecja
63%
SoomeFinlandia
43%
LeeduLitwa
39%
IirimaaIrlandia
26%
ÜhendkuningriikWielka Brytania
26%
PrantsusmaaFrancja
18%
VenemaaRosja
12%
RootsiSzwecja
9%
TaaniDania
8%

Rozkład punktacji

Percentyl według liczby udzielonych odpowiedzi

Procent ludzi z każdym wynikiem

Twoja historia wyników

Nie rozwiązałeś tego quizu